000 00626nam a2200241Ia 4500
003 OSt
005 20220918181730.0
006 a|||||r|||| 00| 0
007 ta
008 220917b |||||||| |||| 00| 0 eng d
024 _a28,279
037 _cTextual
040 _aARTS
_cARTS
_beng
041 _2eng
_aeng
082 _aO111,1N36,1, K6
100 _aWhite Kenneth
_959119
245 0 _aCold wind of dawn
260 _aLondon
_bJonathan Cape UK
_c1966
300 _a60p.
_ccm.
650 _aENGLISH LITERATURE
942 _hO111,1N36,1, K6
_cTEXL
_2CC
999 _c166622
_d166622